zpět

Detail výsledku týmu

Metro Music Pub, Most

Datum a čas kvízu

34.5 Celkem bodů Celkový počet nahraných bodů na tomto kvízu bez doplňovacích otázek.
2. Pořadí na kvízu Konečné umístění týmu na tomto kvízu.

Zaznamenané odpovědi

# Otázka Odpověď Body Výsledky
1. Nové politické hnutí bývalého... Martin Kuba; Jihočeský 1
2. Jeden americký stát zasáhla vl... Florida 1
3. Vstup ke které římské památce... k fontáně di Trevi 1
4. Do aukční historie se nově zap... Rembrandt (Harmenszoon van Rijn) 1
5. Ještě před slavnostním zahájen... vyčural nápis do sněhu 1
6. 29. května roku 1500 umírá pob... Bartolomeu Dias 0
7. 1. ledna 1700 jeden ruský car... Petr I. Veliký 1
8. Za kulatý letopočet budeme dne... Burgtheater 0
9. 19. března 1900 se v Paříži na... Frédéric Joliot-Curie 0
10. Od 15. září do 1. října 2000 s... Štěpánka Hilgertová; Sydney 0.5